000 00722nam a2200253Ia 4500
003 OSt
005 20220925212521.0
006 a|||||r|||| 00| 0
007 ta
008 220923b |||||||| |||| 00| 0 eng d
020 _a0 04 330179 7
037 _cGeneral Book
040 _aRTL
_cRTL
_beng
041 _2eng
_aeng
082 _aX.3.N7, L1
100 _aCairncross Alec Ed.
_9276925
245 0 _aBritain's economic prospects reconsidered
260 _aLondon
_bAllen and Unwin
_c1971
300 _a244p.
_ccm.
500 _aAppendix: P237-238
650 _aEconomic Conditions Great Britain
_9232317
942 _hX.3.N7, L1
_cGB
_2CC
999 _c560537
_d560537